| 000 | 01331nam a2200337Ia 4500 | ||
|---|---|---|---|
| 001 | ebr10135638 | ||
| 003 | CaPaEBR | ||
| 006 | m u | ||
| 007 | cr cn||||||||| | ||
| 008 | 001010s2001 nyua sb 001 0 eng d | ||
| 010 | _z 00051472 | ||
| 020 | _z1403982155 | ||
| 020 | _z0312238940 | ||
| 040 |
_aCaPaEBR _cCaPaEBR |
||
| 035 | _a(OCoLC)70773805 | ||
| 050 | 1 | 4 |
_aDS889 _b.G64 2001eb |
| 100 | 1 | _aGreen, Michael J. | |
| 245 | 1 | 0 |
_aJapan's reluctant realism _h[electronic resource] : _bforeign policy challenges in an era of uncertain power / _cMichael Jonathan Green. |
| 250 | _a1st ed. | ||
| 260 |
_aNew York : _bPalgrave, _cc2001. |
||
| 300 |
_aviii, 351 p. : _bill. |
||
| 500 | _a"A Council on Foreign Relations book." | ||
| 504 | _aIncludes bibliographical references (p. [287]-336) and index. | ||
| 533 |
_aElectronic reproduction. _bPalo Alto, Calif. : _cebrary, _d2009. _nAvailable via World Wide Web. _nAccess may be limited to ebrary affiliated libraries. |
||
| 650 | 0 | _aInternational relations. | |
| 651 | 0 |
_aJapan _xForeign relations _y1945-1989. |
|
| 651 | 0 |
_aJapan _xForeign relations _y1989- |
|
| 655 | 7 |
_aElectronic books. _2local |
|
| 710 | 2 | _aebrary, Inc. | |
| 856 | 4 | 0 |
_uhttp://site.ebrary.com/lib/rucke/Doc?id=10135638 _zAn electronic book accessible through the World Wide Web; click to view |
| 999 |
_c87554 _d87554 |
||